Classifica Marcatori Premier League 2014-2015 - Statistics

Statistiche generali
  • Questo quiz è stato fatto 14 volte
  • Il punteggio medio è 9 su 16
Statistiche sulle risposte
Gol Nazione Squadra Calciatore % Corretto
16 Cile Arsenal Alexis Sánchez
100%
14 Belgio Chelsea Eden Hazard
100%
21 Inghilterra Tottenham Harry Kane
100%
26 Argentina Manchester City Sergio Agüero
100%
12 Italia Southampton Graziano Pellè
92%
14 Francia Arsenal Olivier Giroud
85%
12 Inghilterra Manchester United Wayne Rooney
85%
20 Spagna Chelsea Diego Costa
77%
12 Spagna Manchester City David Silva
69%
13 Belgio Aston Villa Christian Benteke
54%
11 Argentina Leicester City Leonardo Ulloa
23%
11 Inghilterra Burnley Danny Ings
15%
11 Belgio Tottenham Nacer Chadli
15%
11 Senegal Stoke City Mame Biram Diouf
8%
18 Inghilterra QPR Charlie Austin
0%
14 Inghilterra West Bromwich Saido Berahino
0%
Nessun quiz corrispondente trovato
Distribuzione punteggi
Percentuale di utenti per punteggio
Percentile per numero di risposta
I tuoi punteggi nel tempo
Non hai fatto questo quiz